Normal view
MARC view
- SLIN, SIR WILLIAM FIELD
Entry Personal Name
001 - CONTROL NUMBER
- control field: 57160
003 - CONTROL NUMBER IDENTIFIER
- control field: NUST
005 - DATE AND TIME OF LATEST TRANSACTION
- control field: 20210628201850.0
008 - FIXED-LENGTH DATA ELEMENTS
- fixed length control field: 210628|| aca||aabn | a|a d
040 ## - CATALOGING SOURCE
- Original cataloging agency: NUST
- Transcribing agency: NUST
100 ## - HEADING--PERSONAL NAME
- Personal name: SLIN, SIR WILLIAM FIELD
670 ## - SOURCE DATA FOUND
- Source citation: Work cat.: (NUST): SLIN, SIR WILLIAM FIELD, DEFEAT IN TO VICTORY, 1956
